Karate-do tradicional: aplicaciones del kata 2 (Registro nro. 5235)

Detalles MARC
000 -Cabecera
Campo de control de longitud fija 00757aam a2200325 4500
005 - Fecha y hora de la última transacción
Campo de control 20260413173625.0
008 - Elementos de longitud fija--Información general
Campo de control de longitud fija 150507b2006 xxu||||| |||| 00| 0 spa d
020 ## - International Standard Book Number
Número Internacional Estándar del Libro (ISBN) 8480193301
041 ## - Idioma
Código de idioma Español
082 ## - Clasificación Decimal Dewey
Número de clasificación 796.815.3 H634kr2
100 ## - Entrada principal--Autor personal
Nombre personal Higaonna, Morio
9 (RLIN) 37383
245 ## - Título propiamente dicho
Título Karate-do tradicional: aplicaciones del kata 2
250 ## - Edición
Mención de edición 2 edición
260 ## - Pie de imprenta
Lugar de publicación, distribución, etc. España
260 ## - Pie de imprenta
Nombre del editor, distribuidor, etc. Paidotribo
260 ## - Pie de imprenta
Fecha de publicación, distribución, etc. 2006
300 ## - Descripción física
Extensión 251 páginas
490 ## - Serie
Título de la Serie Temática General
650 ## - Materia general
Temática (materia general) DEFENSA PERSONAL
650 ## - Materia general
Temática (materia general) KARATE
650 ## - Materia general
Temática (materia general) SAIFA
650 ## - Materia general
Temática (materia general) SEIYUNCHIN
650 ## - Materia general
Temática (materia general) SHISOCHIN
650 ## - Materia general
Temática (materia general) SANSERU
650 ## - Materia general
Temática (materia general) SEPAI
650 ## - Materia general
Temática (materia general) KURURUNFA
650 ## - Materia general
Temática (materia general) SESAN
650 ## - Materia general
Temática (materia general) SUPARINPEI
942 ## - Punto de acceso adicional KOHA
Tipo de ítem KOHA Libro
Fuente del sistema de clasificación o colocación Dewey Decimal Classification
Existencias
Signatura completa Código de barras Programa Académico Tipo de ítem
796.815.3 H634kr2 14253 Temática General Libro